<Le> Vers (libre) et prose
Nejasné rozdiely medzi voľným veršom a prózou. Definícia rozdielov na základe kontrastívnej analýzy povrchových elementov a funkcií básne. Zohľadnené princípy literárneho uznania a komunikácie.
Gespeichert in:
| 1. Verfasser: | |
|---|---|
| Format: | Buchkapitel |
| Sprache: | Französisch |
| Schlagworte: | |
| Tags: |
Keine Tags, Fügen Sie das erste Tag hinzu!
|
MARC
| LEADER | 00000naa a2200000 4500 | ||
|---|---|---|---|
| 001 | 0190990 | ||
| 005 | 20240502073218.7 | ||
| 041 | 0 | |a fre | |
| 044 | |a SK | ||
| 245 | 1 | 0 | |a <Le> Vers (libre) et prose |c Štefan Povchanič |
| 520 | |a Nejasné rozdiely medzi voľným veršom a prózou. Definícia rozdielov na základe kontrastívnej analýzy povrchových elementov a funkcií básne. Zohľadnené princípy literárneho uznania a komunikácie. | ||
| 610 | 2 | 0 | |a jazykoveda |
| 610 | 2 | 0 | |a jazyky cudzie |
| 610 | 2 | 0 | |a zásoba slovná |
| 610 | 2 | 0 | |a literatúra |
| 100 | 1 | |a Povchanič, Štefan | |